Rihanna Discography - Statistics

General Stats
  • This quiz has been taken 81 times
  • The average score is 49 of 108
Answer Stats
Hint Answer % Correct
ANTI Work
88%
Good Girl Gone Bad Umbrella
86%
Loud Only Girl (In The World)
80%
Unapologetic Diamonds
78%
Talk That Talk We Found Love
78%
Music Of The Sun Pon de Replay
77%
Rated R Rude Boy
77%
Loud S&M
77%
Talk That Talk Talk That Talk
75%
Unapologetic Stay
74%
Talk That Talk Where Have You Been
74%
Good Girl Gone Bad Don't Stop The Music
72%
Loud What's My Name?
72%
A Girl Like Me SOS
69%
ANTI Love On The Brain
68%
Loud Love The Way You Lie
68%
Loud Man Down
68%
Rated R Russian Roulette
68%
Good Girl Gone Bad Shut Up And Drive
68%
Rated R Te Amo
68%
ANTI Needed Me
65%
Unapologetic Pour It Up
65%
Loud California King Bed
63%
Good Girl Gone Bad Disturbia
63%
Good Girl Gone Bad Take A Bow
63%
ANTI Kiss It Better
62%
ANTI Sex With Me
62%
Rated R Hard
60%
A Girl Like Me Unfaithful
60%
Talk That Talk Birthday Cake
58%
ANTI Consideration
58%
ANTI Desperado
57%
Talk That Talk You Da One
57%
Loud Raining Men
55%
Music Of The Sun Music Of The Sun
54%
Good Girl Gone Bad Rehab
54%
ANTI Woo
54%
A Girl Like Me A Girl Like Me
52%
Unapologetic What Now
52%
Music Of The Sun If It's Lovin' That You Want
51%
Rated R Mad House
51%
Rated R Photographs
49%
Unapologetic Right Now
49%
Rated R ROCKSTAR 101
49%
Loud Skin
49%
Loud Fading
48%
Good Girl Gone Bad Good Girl Gone Bad
48%
A Girl Like Me We Ride
48%
Loud Complicated
46%
ANTI Higher
46%
ANTI James Joint
46%
ANTI Pose
46%
Rated R Wait Your Turn
46%
Good Girl Gone Bad Breakin' Dishes
45%
Loud Cheers (Drink To That)
45%
Unapologetic Loveeeeeee Song
45%
Rated R G4L
43%
Unapologetic Phresh Out The Runway
43%
ANTI Same Ol' Mistakes
43%
Rated R Fire Bomb
42%
Unapologetic Jump
42%
Rated R Cold Case Love
40%
ANTI Goodnight Gotham
40%
Good Girl Gone Bad Hate That I Love You
40%
Rated R The Last Song
40%
Talk That Talk Farewell
38%
Unapologetic Love Without Tragedy / Mother Mary
38%
Unapologetic Nobody's Business
38%
Rated R Stupid In Love
38%
ANTI Close To You
37%
ANTI Never Ending
37%
ANTI Yeah, I Said It
35%
Talk That Talk Drunk On Love
34%
Unapologetic Numb
34%
Good Girl Gone Bad If I Never See Your Face Again
32%
Talk That Talk We All Want Love
32%
Talk That Talk Roc Me Out
31%
Talk That Talk Watch n' Learn
31%
Unapologetic No Love Allowed
29%
Good Girl Gone Bad Push Up On Me
29%
Unapologetic Lost In Paradise
28%
A Girl Like Me Break It Off
26%
Talk That Talk Red Lipstick
26%
Good Girl Gone Bad Sell Me Candy
26%
Talk That Talk Cockiness (Love It)
25%
Good Girl Gone Bad Lemme Get That
25%
Music Of The Sun Rush
25%
Talk That Talk Do Ya Thang
23%
Unapologetic Get It Over With
23%
Good Girl Gone Bad Say It
23%
Talk That Talk Fool In Love
22%
A Girl Like Me Kisses Don't Lie
22%
Music Of The Sun Let Me
22%
Good Girl Gone Bad Question Existing
22%
Unapologetic Half Of Me
20%
Music Of The Sun Here I Go Again
20%
Music Of The Sun That La, La, La
20%
A Girl Like Me P.S. (I'm Still Not Over You)
17%
A Girl Like Me Selfish Girl
17%
A Girl Like Me Final Goodbye
15%
Music Of The Sun Now I Know
15%
Music Of The Sun The Last Time
15%
Music Of The Sun There's A Thug In My Life
15%
Music Of The Sun You Don't Love Me (No, No, No)
15%
A Girl Like Me Crazy Little Thing Called Love
14%
A Girl Like Me Dem Haters
14%
Music Of The Sun Willing To Wait
14%
A Girl Like Me A Million Miles Away
12%
No matching quizzes found
Score Distribution
Percent of People with Each Score
Percentile by Number Answered
Your Score History
You have not taken this quiz